Freguesias de Amares - Statistics

Estatísticas Gerais
  • Esse quiz foi jogado 32 vezes
  • A pontuação média é 19 de 24
Estatísticas das Respostas
Freguesias % Correto
Amares
100%
Bouro (Santa Maria)
100%
Bouro (Santa Marta)
100%
Ferreiros
100%
Figueiredo
100%
Fiscal
90%
Lago
90%
Prozelo
90%
Caires
80%
Caldelas
80%
Goães
80%
Rendufe
80%
Seramil
80%
Barreiros
70%
Besteiros
70%
Bico
70%
Carrazedo
70%
Dornelas
70%
Torre
70%
Paredes Secas
60%
Portela
60%
Vilela
60%
Sequeiros
50%
Paranhos
40%
Nenhum quiz correspondente encontrado
Distribuição das Pontuações
Porcentagem de Pessoas com Cada Pontuação
Percentil de Números Respondidos
Sua Pontuação Histórica
Você não jogou esse quiz